| 000 | 00802nam a2200193 a 4500 | ||
|---|---|---|---|
| 001 | 50166 | ||
| 005 | 20180714035129.0 | ||
| 008 | 140415d 000 0 eng d | ||
| 020 | _a1578202760 | ||
| 041 | _aeng | ||
| 082 |
_a006.5 _bEAG |
||
| 100 | 1 | _aEAGLE, DOUGLAS SPOTTED | |
| 245 | 1 | 0 | _aINSTAN DIGITAL AUDIO |
| 250 | _a1a ed. | ||
| 260 |
_a[s.l.] : _bCMP MEDIA LLC, _c[s.f.] |
||
| 300 |
_a244 _c23.5 x 1.4 x 18.7 |
||
| 520 | _aMAKE BETTER SOUNDTRACKS FAST WITH GUIDE TO AUDIO RECORDING AND PRODUCTION TOOLS. BEGINNING WITH A REVIEW OF THE FUNDAMENTAL CONCEPTS, LEARN HOW TO SELECT THE EQUIPMET AND SOFWARE THAT YOU NEED AND HOW TO USE IT. GET STRAIGTFORWARD EXPLANATIONS SUPPLEMENTED WITH AMPLE SCREENSHOTS AND TECHNICAL DATA. | ||
| 650 | 1 | 4 |
_aMULTIMEDIA _xPROGRAMACION _xSONIDO |
| 999 |
_c50166 _d50166 |
||